Cannabis banking - stane se konopí brzy pro banky byznysovou příležitostí?
Legalizáciou predaja marihuany v USA vzniká pre banky nová biznisová príležitosť, označovaná ako "cannabis banking". Situácia s konopným priemyslom v Európe.
Saved in:
| Main Author: | |
|---|---|
| Format: | Book Chapter |
| Language: | Czech |
| Subjects: | |
| Tags: |
No Tags, Be the first to tag this record!
|
MARC
| LEADER | 00000naa a2200000 4500 | ||
|---|---|---|---|
| 001 | 0291114 | ||
| 005 | 20240417075226.8 | ||
| 041 | 0 | |a cze | |
| 044 | |a CZ | ||
| 245 | 1 | 0 | |a Cannabis banking - stane se konopí brzy pro banky byznysovou příležitostí? |c Daniel Pavel |
| 520 | |a Legalizáciou predaja marihuany v USA vzniká pre banky nová biznisová príležitosť, označovaná ako "cannabis banking". Situácia s konopným priemyslom v Európe. | ||
| 610 | 2 | 0 | |a bankovníctvo |
| 610 | 2 | 0 | |a banky |
| 610 | 2 | 0 | |a príjmy daňové |
| 610 | 2 | 0 | |a drogy |
| 610 | 2 | 0 | |a legalizácia |
| 610 | 2 | 0 | |a liečivá |
| 610 | 2 | 0 | |a riziko |
| 610 | 2 | 0 | |a USA |
| 100 | 1 | |a Pavel, Daniel | |